000 00443nam a2200205Ia 4500
001 12010
003 GE_BSU
008 181216s||||||||xx |||||||||||||| ||und||
020 _a9780141024790
040 _cGE_BSU
080 _a821.111-32
100 _aParks,Adele
245 _aTell me something
260 _aLondon
260 _bPenguin Books.
260 _c2009.
300 _a472p;18cm.
653 _aTell me something
942 _cBK
999 _c45187
_d45187